00889nam a22002177a 4500003000500000005001700005008004100022010001100063011001100074035001100085040000900096100003900105245020300144260004000347500006000387502008500447650003600532650002300568856006400591856001600655CHAP20220329143922.0230812s2012 mx r 00010 spa d a103722 a104694 a115384 cCHAP1 aCarreón Martínez, Juan Carlos.10aEstudio de factibilidad técnico económica para la instalación de una planta productora de huevo para plato en Xicotepec de Juárez, Pueblah[En línea]c/por Juan Carlos Carreón Martínez aChapingo, Méx. :bEl autor,c2012 aPara ver el contenido del material haga clic en la liga aTesis (Ing. Agroindustrial) -- UACH. Departamento de Ingeniería Agroindustrial04aHuevosxCostos de producción.04aHuevosxIndustria. 3Finding aiduhttp://10.13.5.2/tesis/115384.pdfzTeclea aqui a1 n0001309